000 00768nam a2200265 i 4500
001 C2-0179683
003 PPAK
005 20180728095108.0
008 981021s1963 my a|||| ||||| | eng d
040 _aPPAK
_beng
_cPPAK
_erda
082 0 4 _a959.5
_2 23
090 0 0 _a959.5
_bMOO
_dKMI
090 0 0 _a959.5
_bMOO
_dKSI
090 0 0 _a959.5
_bMOO
_dKWI
100 1 _aMoorhead, F.J,
_eauthor
245 1 2 _aA history of Malaya
264 1 _aKuala Lumpur :
_bLongmans of Malaysia ,
_c1963
300 _ax, 237 pages :
_billustrations ;
_c21 cm
336 _2rdacontent
_atext
337 _2rdamedia
_aunmediated
338 _2rdacarrier
_avolume
500 _avol.2 ; Includes bibliographical references and index.
650 1 0 _aMalaysia - History
942 _ddc
_cB
999 _c155792
_d155792